000 00857nam a2200253 i 4500
001 67141
003 ES-MaACL
005 20250806062532.0
007 t|
008 040507s2003 sp ||||0| spa d
040 _aM-BN
_bspa
_cM-BN
080 _a94(460)"1212"
080 _a355.48(460)"1212"
100 1 _aLópez Jiménez, Luis.
_973714
245 1 0 _aNavas de Tolosa /
_cpor Luis López Jiménez.
260 _aMadrid :
_bAyuntamiento :
_bInstituto de Estudios Madrileños,
_c2003.
300 _a22 p. ;
_c21 cm.
490 1 _aCiclo de conferencias: El Fuero de Madrid de 1202 ;
_v9
650 1 4 _aNavas de Tolosa, Batalla de, 1212.
_915494
710 2 _aInstituto de Estudios Madrileños
_94916
830 0 _aCiclo de conferencias: El Fuero de Madrid de 1202 ;
_v9
_9183117
852 _aES-MaACL
_j2174-F-9
_bR.133051
999 _c67141
_d67141